|
|
|
|
| LEADER |
00000nab a2200000uu 4500 |
| 001 |
vtls011135788 |
| 003 |
SK-MaSNL |
| 005 |
20260303151251.0 |
| 008 |
230222|2010 xo |||||||||||||||||slo| |
| 015 |
|
|
|a SNBRB
|
| 035 |
|
|
|a (urnnbn)urn:nbn:sk:snk:ar-007mex
|
| 035 |
|
|
|a (uuid)1dda05eb-7557-4775-ad3d-a30436bbe5e2
|
| 035 |
|
|
|a urn:nbn:sk:snk-abaos0
|
| 040 |
|
|
|a SNKBUCL
|b slo
|c SNKBUCL
|e AACR2
|
| 041 |
0 |
|
|a slo
|
| 044 |
|
|
|a xo
|c SK
|
| 100 |
1 |
|
|a Lajčák, Miroslav,
|d 1963-
|4 aut
|9 109641
|
| 245 |
1 |
0 |
|a Zahraničná politika Slovenska v roku 2009 optikou ministra zahraničných vecí
|c Miroslav Lajčák
|
| 773 |
0 |
|
|t Ročenka zahraničnej politiky Slovenskej republiky ...
|g Č. 1 (2010), s. [9]-18
|
| 954 |
|
|
|a odborná, vedecká literatúra pôvodná (slovenská)
|2 lita
|
| 958 |
|
|
|a OND
|
| 958 |
|
|
|a EUIPO
|
| 958 |
|
|
|a article14
|
| 999 |
|
|
|c 2016805
|d 2018735
|